| 000 | 01321nam a22002897a 4500 | ||
|---|---|---|---|
| 005 | 20170410152103.0 | ||
| 008 | 140714b xxu||||| |||| 00| 0 Urdu d | ||
| 010 | _aUR-8507 B-548006 B-665897 | ||
| 020 |
_a9789350733073 _c225.00 |
||
| 035 | _aU-7062 B-548006 B-665897 | ||
| 037 | _bBPPD/Pub/Ven | ||
| 037 | _bDBAD/Pub. | ||
| 037 | _bPansy Books(Vend.)/Edu.pub. House(Pub.) | ||
| 040 |
_aDPL _bUrdu |
||
| 082 | _a840.8 | ||
| 100 | _aصد يقی آ فا ق عا لم | ||
| 245 |
_aمقا ل _cصد يقی آ فا ق عا لم |
||
| 246 |
_aMaqal _bby Siddiqui Aafaq Aalam |
||
| 260 |
_aد ھلی _bا يجو کيشنل پبليشنگ ہا ؤس _c2014 |
||
| 260 | _bPansy Books(Vender) | ||
| 270 |
_a3108،و کيل اسٹر يٹ ،کو چہ پنڈ ت ،لال کنو ا ن _bد ھلی _e110006 _k23216162،23214465 |
||
| 270 |
_aR2,/66/A Somesh Vihar,Chhawala _bNew Delhi _e110071 _k01125317355 |
||
| 300 |
_a212ص _c22Cm (Hb) |
||
| 942 |
_2ddc _cUR _e _h840.8 _mص د ی |
||
| 999 |
_c87355 _d87355 |
||